HIGH SCHOOL ENGLISH GRAMMAR AND COMPOSION / (Record no. 616544)

000 -LEADER
fixed length control field 00342nam a22001337a 4500
020 ## - INTERNATIONAL STANDARD BOOK NUMBER
Qualifying information PB.
040 ## - CATALOGING SOURCE
Transcribing agency FIZZA ISHAQ
082 ## - DEWEY DECIMAL CLASSIFICATION NUMBER
Classification number 425
Author Mark WRE
100 ## - MAIN ENTRY--PERSONAL NAME
Personal name WREN P.C.
9 (RLIN) 32403
245 ## - TITLE STATEMENT
Title HIGH SCHOOL ENGLISH GRAMMAR AND COMPOSION /
Statement of responsibility, etc. P.C.WREN.
260 ## - PUBLICATION, DISTRIBUTION, ETC.
Place of publication, distribution, etc. LAHORE PAKISTAN ;
Name of publisher, distributor, etc. IRIP,
Date of publication, distribution, etc. 2010.
300 ## - PHYSICAL DESCRIPTION
Extent 357 P. ;
Dimensions 9.2X6.9IN
942 ## - ADDED ENTRY ELEMENTS (KOHA)
Source of classification or shelving scheme
Koha item type Book
Holdings
Withdrawn status Lost status Source of classification or shelving scheme Damaged status Not for loan Permanent Location Current Location Shelving location Date acquired Total Checkouts Full call number Barcode Date last seen Price effective from Koha item type
          NUST Baluchistan Campus (NBC) NUST Baluchistan Campus (NBC) Text Books 03/06/2026   425 WRE QD-982 03/06/2026 03/06/2026 Book
© 2023 Central Library, National University of Sciences and Technology. All Rights Reserved.